000 00587nam a2200205Ii 4500
001 10910
003 CO-ViMGA
008 241108s9999||||xx |||||||||||||| ||und||
040 _aCO-ViMGA
_bspa
_erda
_cCO-ViMGA
041 0 _aunk
082 0 4 _a320.01-M392
100 1 _aKarl Marx
_949368
245 1 0 _aRevolución en España
264 1 _a[Lugar de publicación no identificado] : Ariel, 1960
300 _avolumen
336 _atext
_btxt
_2rdacontent
337 _aunmediated
_bn
_2rdamedia
338 _avolume
_bnc
_2rdacarrier
940 _aidficha_siabuc: 10653. -- ficha_no_siabuc:10910
999 _c53479
_d53479